|
|
|
|
| LEADER |
00641nab a2200193 i 4500 |
| 001 |
acta51183 |
| 005 |
20250429082509.0 |
| 008 |
180419s1936 hu o 000 hun d |
| 040 |
|
|
|a SZTE Egyetemi Kiadványok Repozitórium
|b hun
|
| 041 |
|
|
|a hun
|
| 100 |
1 |
|
|a Móra László
|
| 245 |
1 |
2 |
|a A szegény fák...
|h [elektronikus dokumentum] :
|b [vers] /
|c Móra László
|
| 260 |
|
|
|c 1936
|
| 300 |
|
|
|a 105
|
| 490 |
0 |
|
|a Gyakorlati pedagógia
|v 2 No. 2
|
| 650 |
|
4 |
|a Bölcsészettudományok
|
| 650 |
|
4 |
|a Nyelvek és irodalom
|
| 695 |
|
|
|a Magyar irodalom - vers
|
| 856 |
4 |
0 |
|u http://acta.bibl.u-szeged.hu/51183/1/gyakorlati_1936_002_105.pdf
|z Dokumentum-elérés
|